00566 2200169 4500245006900000020002200069250001100091100001200102700001800114005001900132260003100151041001400182084001100196300002300207500015700230336000900387 aYoyoh Yusroh b : Mutiara yang Telah TiadacFirtra RatoryhText a978-979-177-273-1 aCet. 1 aTim GIP aFirtra Ratory a20230927104109 aJakartabGema Insanic2011 aIndonesia a920.72 a208 hlm. :c17 cm. aBuku ini merupakan biografi Ummi Yoyoh Yusroh seorang perempuan yang dikarunia 13 anak dan aktivitasnya bersama keluarga dan aktivitasnya di masyarakat. atext